000 01375nam a2200301 a 4500
001
003 DO-SdBNP
005 20220518123856.0
008 101013s2013 dr 001 0 spa d
020 _a9789945074710
040 _aBPMSU
_bspa
_cBPMSU
082 _a972.9302
_bR896c 2013
_222
100 1 _aRubio, Vicente,
_cFray,
_d1923-2006
245 1 0 _aCedulario de la Isla de Santo Domingo /
_cFray Vicente Rubio, O.P.
260 _aSanto Domingo :
_bCentro de Altos Estudios Humanísticos y del Idioma Español ;
_bArchivo General de la Nación,
_c2013
300 _av. :
_bil., tablas ;
_c27 cm.
490 0 _aArchivo General de la Nación,
_v158
500 _aIncluye datos biográficos del autor en las solapas de la cubierta.
504 _aIncluye referencias bibliográficas y notas al pie de las páginas.
505 0 _gv.1. 1492-1501.
_tGobierno de Cristóbal Colón --
_tGobierno de Francisco Bobadilla.
_gv.2. 1501-1509
_tGobierno de Nicolás de Ovando
590 _6Inventariado, 2022/VM
650 4 _aGobierno local
_zSanto Domingo (República Dominicana
651 4 _aRepública Dominicana
_xHistoria
_yColonia,1503-1795
_xFuentes
651 4 _aSanto Domingo (República Dominicana
_xHistoria
_ySIGLO XVI
_xFuentes
710 2 _aArchivo General de la Nación (República Dominicana)
910 _aValidado. Control de calidad VMateo V.
942 _2ddc
_cBK
999 _c14208
_d14208